000 00549nam a22001577a 4500
999 _c15695
_d15695
003 AR-CdUCM
008 190429b ||||| |||| 00| 0 spa d
040 _aMUNICIPALIDAD PROVINCIAL DEL CUSCO
_cBIBLIOTECA MUNICIPAL DEL CUSCO
082 _aC / 868.5 /
_bA31
100 _aAguilar Vazquez, Carlos
_934860
245 _aEncontré lo profundo de la diafanidad /
300 _a187 al 244 páginas ;
_c20 cm.
500 _aNo se encuentra todas las paginas y no tiene tapa el libro, no se ve el titulo del texto.
942 _2ddc
_cLIBROS
945 _awfj